Rebelión de las minorías
Uloženo v:
| Hlavní autor: | |
|---|---|
| Médium: | Kniha |
| Jazyk: | španělština |
| Vydáno: |
Madrid
Nacional
1955
|
| Témata: | |
| Tagy: |
Přidat tag
Žádné tagy, Buďte první, kdo vytvoří štítek k tomuto záznamu!
|
MARC
| LEADER | 00000nam a2200000 a 4500 | ||
|---|---|---|---|
| 001 | UCO4151 | ||
| 003 | CL-VaPUC | ||
| 008 | 000728e19550000SP |||||||||||||||||spa|d | ||
| 082 | 0 | 4 | |a 305 |b USC |2 21 |
| 100 | 0 | |a Uscatescu, George |e author |9 448340 | |
| 245 | 1 | 0 | |a Rebelión de las minorías |
| 300 | |a 211 p | ||
| 942 | |c BK | ||
| 945 | |d 20000728 00:00:00 |a crobeson | ||
| 260 | |a Madrid |b Nacional |c 1955 | ||
| 650 | 0 | |a Grupos sociales |9 268887 | |
| 650 | 0 | |a Sociología |9 255410 | |
| 650 | 0 | |a Comportamiento social |9 334200 | |
| 650 | 0 | |a Comportamiento de masas |9 334654 | |
| 583 | |a last modification |c 20000728 00:00:00 |k Rodrigo Vera | ||
| 999 | |c 290224 |d 290222 | ||
| 952 | |0 0 |1 0 |4 0 |6 305_000000000000000_USC_1955 |7 0 |8 A |9 339520 |a BIBHIS |b BIBHIS |d 2019-11-20 |i 1211137 |o 305 USC 1955 |p 1211137 |r 2025-01-20 |w 2019-11-20 |y BK |k HIS | ||